|
|
|
|
| LEADER |
00000nam0a2200000 4500 |
| 001 |
252698 |
| 005 |
20231031214024.0 |
| 035 |
|
|
|a (RuTPU)RU\TPU\book\275048
|
| 090 |
|
|
|a 252698
|
| 100 |
|
|
|a 20140305d1984 m y0rusy50 ca
|
| 101 |
0 |
|
|a rus
|
| 102 |
|
|
|a UA
|
| 105 |
|
|
|a y z 000ay
|
| 200 |
1 |
|
|a Цвет папоротника
|e повести и рассказы
|e пер. с укр.
|f В. В. Тарнавский
|g пер. Н. Дангулова ; авт. предисл. В. Дрозд
|
| 210 |
|
|
|a Москва
|c Молодая гвардия
|d 1984
|
| 215 |
|
|
|a 169 с.
|
| 225 |
1 |
|
|a Молодые голоса
|
| 333 |
|
|
|a Исключено из фонда НТБ ТПУ
|
| 700 |
|
1 |
|a Тарнавский
|b В. В.
|g Валентин Владимирович
|
| 702 |
|
1 |
|a Дангулова
|b Н.
|4 730
|
| 702 |
|
1 |
|a Дрозд
|b В.
|4 080
|
| 801 |
|
1 |
|a RU
|b 63413507
|c 20140305
|
| 801 |
|
2 |
|a RU
|b 63413507
|c 20220602
|g RCR
|
| 942 |
|
|
|c BK
|